000
00222 a2200097 4500
001
49424
100
_a
Hamsun
245
_a
Grouth of Soul
260
_a
New York
_b
Random Hosue Publishers Company
_c
090
_c
31960
_d
31960
942
_a
NUST-CAE
_c
M
_c
24403
999
_c
284497
_d
284497